Представление документа в формате RUSMARC

ПолеНазваниеЗначение
  Тип записи a
  Библиографический уровень m
001 Контрольный номер RU/СЮИ МВД России/KNIGI/65.263/Р 51-088538
005 Дата корректировки 20140506144855.0
010 Индекс ISBN __
a ISBN 978-5-4237-0064-5
d Цена р.277.88
100 Данные общей обработки __
a Данные общей обработки 20110621d2011 |||y0rusy0189
101 Язык документа 0_
a Язык текста rus
102 Страна публикации __
a Страна публикации RU
105 Кодированные данные (монография) __
a Кодированные данные (монография) y j 000yy
200 Заглавие и сведения об ответственности 1_
a Заглавие Экономическая оценка инвестиций
e Сведения, относящиеся к заглавию учебник
f Первые сведения об ответственности ред. М. И. Ример
205 Сведения об издании __
a Основные сведения об издании 4е изд., испр. и доп.
210 Выходные данные __
a Место издания СПб.
c Издательство Питер
d Дата издания 2011
215 Физическое описание __
a Объем 432 с.
e Сопроводительные материалы 1 эл. опт. диск (CD-ROM)
225 Серия 2_
a Серия Учебник для вузов
327 Примечание о содержании 1_
a Примечание о содержании Содержание : Роль инвестиций в развитии производства ; Инвестиционный проект как объект экономической оценки ; Основные теоретические положения по оценке экономической эффективности инвестиций ; Общие вопросы определения экономической эффективности инвестиционного проекта ; Оценка эффективности инвестиционного проекта с позиции интересов участников инвестиционного процесса ; Привлечение инвестиционных ресурсов: источники и методы финансирования инвестиционный деятельности ; Оценка финансовой устойчивости инвестиционного проекта ; Экономическая оценка инвестиций в условиях риска ; Особенности оценки эффективности отдельных типов ; Оценка эффективности финансовых инвестиций ; Оценка влияния инвестиционного проекта на показатели эффективности действующего предприятия ; Компьютерные программы по оценке экономической эффективности, финансовой надежности и риска инвестиционных проектов ; Приложение. Оценка эффективности проекта строительства хлебобулочного комбината
330 Аннотация __
a Аннотация Допущено Министерством образования и науки Российской Федерации в качестве учебника для студентов высших учебных заведений обучающихся по специальности Экономика и управление на предприятии (по отраслям)
464 Аналитический уровень _0
1 2001
a Роль инвестиций в развитии производства
464 Аналитический уровень _0
1 2001
a Инвестиционный проект как объект экономической оценки
464 Аналитический уровень _0
1 2001
a Основные теоретические положения по оценке экономической эффективности инвестиций
464 Аналитический уровень _0
1 2001
a Общие вопросы определения экономической эффективности инвестиционного проекта
464 Аналитический уровень _0
1 2001
a Оценка эффективности инвестиционного проекта с позиции интересов участников инвестиционного процесса
464 Аналитический уровень _0
1 2001
a Привлечение инвестиционных ресурсов: источники и методы финансирования инвестиционный деятельности
464 Аналитический уровень _0
1 2001
a Оценка финансовой устойчивости инвестиционного проекта
464 Аналитический уровень _0
1 2001
a Экономическая оценка инвестиций в условиях риска
464 Аналитический уровень _0
1 2001
a Особенности оценки эффективности отдельных типов
464 Аналитический уровень _0
1 2001
a Оценка эффективности финансовых инвестиций
464 Аналитический уровень _0
1 2001
a Оценка влияния инвестиционного проекта на показатели эффективности действующего предприятия
464 Аналитический уровень _0
1 2001
a Компьютерные программы по оценке экономической эффективности, финансовой надежности и риска инвестиционных проектов
464 Аналитический уровень _0
1 2001
a Приложение. Оценка эффективности проекта строительства хлебобулочного комбината
606 Тематические рубрики __
a Основная рубрика Инвестиции
620 Место и дата публикации, исполнения и т.д. __
d Город Санкт-Петербург
686 Индексы других классификаций __
a Классификационный индекс 65.263
2 Код системы rubbk
686 Индексы других классификаций __
a Классификационный индекс 06
2 Код системы rugasnti
702 Вторичная интеллектуальная ответственность _1
a Фамилия Ример
b Имя М. И.
4 Код отношения 340
801 Источник записи _0
b Организация СЮИ МВД России
a Страна RU
c Дата составления 20110621
801 Источник записи _1
a Страна RU
b Организация ПКИ
c Дата составления 20110621
852 Данные о местонахождении __
a Наименование организации СЮИ МВД России
b Сигла хранения ЧЗ_Поволжский филиал
p Инвентарный номер 140220
852 Данные о местонахождении __
a Наименование организации СЮИ МВД России
b Сигла хранения УчФ_Поволжский филиал
p Инвентарный номер 140068
852 Данные о местонахождении __
a Наименование организации СЮИ МВД России
b Сигла хранения УчФ_Поволжский филиал
p Инвентарный номер 140069
852 Данные о местонахождении __
a Наименование организации СЮИ МВД России
b Сигла хранения УчФ_Поволжский филиал
p Инвентарный номер 140070
852 Данные о местонахождении __
a Наименование организации СЮИ МВД России
b Сигла хранения УчФ_Поволжский филиал
p Инвентарный номер 140071
852 Данные о местонахождении __
a Наименование организации СЮИ МВД России
b Сигла хранения УчФ_Поволжский филиал
p Инвентарный номер 140072
852 Данные о местонахождении __
a Наименование организации СЮИ МВД России
b Сигла хранения УчФ_Поволжский филиал
p Инвентарный номер 140073
852 Данные о местонахождении __
a Наименование организации СЮИ МВД России
b Сигла хранения УчФ_Поволжский филиал
p Инвентарный номер 140074
852 Данные о местонахождении __
a Наименование организации СЮИ МВД России
b Сигла хранения УчФ_Поволжский филиал
p Инвентарный номер 140075
852 Данные о местонахождении __
a Наименование организации СЮИ МВД России
b Сигла хранения УчФ_Поволжский филиал
p Инвентарный номер 140076
852 Данные о местонахождении __
a Наименование организации СЮИ МВД России
b Сигла хранения УчФ_Поволжский филиал
p Инвентарный номер 140077
852 Данные о местонахождении __
a Наименование организации СЮИ МВД России
b Сигла хранения УчФ_Поволжский филиал
p Инвентарный номер 140078
852 Данные о местонахождении __
a Наименование организации СЮИ МВД России
b Сигла хранения УчФ_Поволжский филиал
p Инвентарный номер 140079
852 Данные о местонахождении __
a Наименование организации СЮИ МВД России
b Сигла хранения УчФ_Поволжский филиал
p Инвентарный номер 140080
852 Данные о местонахождении __
a Наименование организации СЮИ МВД России
b Сигла хранения УчФ_Поволжский филиал
p Инвентарный номер 140081
852 Данные о местонахождении __
a Наименование организации СЮИ МВД России
b Сигла хранения УчФ_Поволжский филиал
p Инвентарный номер 140082
852 Данные о местонахождении __
a Наименование организации СЮИ МВД России
b Сигла хранения УчФ_Поволжский филиал
p Инвентарный номер 140083
852 Данные о местонахождении __
a Наименование организации СЮИ МВД России
b Сигла хранения УчФ_Поволжский филиал
p Инвентарный номер 140084
852 Данные о местонахождении __
a Наименование организации СЮИ МВД России
b Сигла хранения УчФ_Поволжский филиал
p Инвентарный номер 140085
852 Данные о местонахождении __
a Наименование организации СЮИ МВД России
b Сигла хранения УчФ_Поволжский филиал
p Инвентарный номер 140086
852 Данные о местонахождении __
a Наименование организации СЮИ МВД России
b Сигла хранения УчФ_Поволжский филиал
p Инвентарный номер 140087
852 Данные о местонахождении __
a Наименование организации СЮИ МВД России
b Сигла хранения УчФ_Поволжский филиал
p Инвентарный номер 140088
852 Данные о местонахождении __
a Наименование организации СЮИ МВД России
b Сигла хранения УчФ_Поволжский филиал
p Инвентарный номер 140089
852 Данные о местонахождении __
a Наименование организации СЮИ МВД России
b Сигла хранения УчФ_Поволжский филиал
p Инвентарный номер 140090
852 Данные о местонахождении __
a Наименование организации СЮИ МВД России
b Сигла хранения УчФ_Поволжский филиал
p Инвентарный номер 140091
852 Данные о местонахождении __
a Наименование организации СЮИ МВД России
b Сигла хранения УчФ_Поволжский филиал
p Инвентарный номер 140092
852 Данные о местонахождении __
a Наименование организации СЮИ МВД России
b Сигла хранения УчФ_Поволжский филиал
p Инвентарный номер 140093
852 Данные о местонахождении __
a Наименование организации СЮИ МВД России
b Сигла хранения УчФ_Поволжский филиал
p Инвентарный номер 140094
852 Данные о местонахождении __
a Наименование организации СЮИ МВД России
b Сигла хранения УчФ_Поволжский филиал
p Инвентарный номер 140095
852 Данные о местонахождении __
a Наименование организации СЮИ МВД России
b Сигла хранения УчФ_Поволжский филиал
p Инвентарный номер 140096
852 Данные о местонахождении __
a Наименование организации СЮИ МВД России
b Сигла хранения УчФ_Поволжский филиал
p Инвентарный номер 140097
852 Данные о местонахождении __
a Наименование организации СЮИ МВД России
b Сигла хранения УчФ_Поволжский филиал
p Инвентарный номер 140098
852 Данные о местонахождении __
a Наименование организации СЮИ МВД России
b Сигла хранения УчФ_Поволжский филиал
p Инвентарный номер 140099
852 Данные о местонахождении __
a Наименование организации СЮИ МВД России
b Сигла хранения УчФ_Поволжский филиал
p Инвентарный номер 140100
852 Данные о местонахождении __
a Наименование организации СЮИ МВД России
b Сигла хранения УчФ_Поволжский филиал
p Инвентарный номер 140101
901 Тип документа __
t Тип документа m
938 Служебная информация __
a Название организации Поволжский филиал
b Имя БД Книги_Ирбис
c Название АИБС АБИС ИРБИС